Statistics for Oklahoma City Thunder 2000's Starters

Click here to take the quiz!

General Stats

  • This quiz has been taken 148 times
    (115 since last reset)
  • The average score is 7 of 25

Answer Stats

PlayerStarts% Correct
Kevin Durant2
97%
Russell Westbrook1
93%
Gary Payton4
91%
Ray Allen4
81%
Rashard Lewis6
52%
Nick Collison3
49%
Jeff Green2
37%
Luke Ridnour3
26%
Vin Baker2
24%
Brent Barry3
16%
Jerome James2
16%
Nenad Krstić1
16%
Patrick Ewing1
14%
Chris Wilcox1
13%
Emanual Davis1
13%
Vladimir Radmanovic1
13%
Earl Watson1
12%
Vitaly Potapenko1
12%
Horace Grant1
11%
Johan Petro1
11%
Kurt Thomas1
10%
Reggie Evans2
10%
Ruben Patterson1
7%
Jelani McCoy1
3%
Predrag Drobnjak1
3%

Score Distribution

Percentile by Number Answered

Percent of People with Each Score

Your Score History

You have not taken this quiz since the last reset